000
00289nam a2200133Ia 4500
008
221030s9999 xx 000 0 und d
041
_a
English
082
_a
105.23
100
_a
Pankaj Sharma/493
245
0
_a
VISUAL BASIC
260
_a
Jammu
_c
2003
650
_a
Computers
942
_c
TH
999
_c
5423
_d
5423